A helyi vezetők a felelősek? a francia kormány (is) figyel a csongrádi Panol-ügyre /
Elmentve itt :
| Szerző: | |
|---|---|
| Dokumentumtípus: | Cikk |
| Megjelent: |
2001-08-23
|
| Sorozat: | Délmagyarország
91 No. 196 |
| Kulcsszavak: | Csongrád (város), Légtechnika klímaberendezések gyártása, Panol Rt. Csongrád |
| Online Access: | http://dmarchiv.bibl.u-szeged.hu/132170 |
| LEADER | 00582nab a2200157 i 4500 | ||
|---|---|---|---|
| 001 | delm132170 | ||
| 005 | 20191030151601.0 | ||
| 008 | 191030s2001 hu o 0|| hun d | ||
| 040 | |a SZTE Délmagyarország Archívum |b hun | ||
| 041 | |a hun | ||
| 100 | 1 | |a Morzsik János | |
| 245 | 1 | 2 | |a A helyi vezetők a felelősek? |h [elektronikus dokumentum] : |b a francia kormány (is) figyel a csongrádi Panol-ügyre / |c Morzsik János |
| 260 | |c 2001-08-23 | ||
| 300 | |a 3 | ||
| 490 | 0 | |a Délmagyarország |v 91 No. 196 | |
| 695 | |a Csongrád (város), Légtechnika klímaberendezések gyártása, Panol Rt. Csongrád | ||